000 00377 a2200169 4500
001 50562
020 _a852624227X
040 _cAnchieta - Bela Vista
100 _aNicolelis, Giselda Laporta
240 1 0 _aO fantasma da torre
_lpor
245 1 0 _aO fantasma da torre
300 _a82
362 0 _a1998
440 1 _aScipione
650 4 _aLiteratura juvenil
942 _cBK
999 _c50562
_d50562